000 00665nam a2200205 i 4500
001 143009
003 ES-MaACL
007 t|
008 071011s1954 sp ||||1| spa d
100 1 _aVerrill, A. Hyatt.
_9114207
245 1 0 _aPeces raros y sus curiosidades /
_cpor A. Hyatt Verrill ; traducción y notas de Carlos Bas.
250 _a1ª ed.
260 _aBarcelona :
_bDestino,
_c1954.
300 _aXXVIII, 193 p., VII h. de lám. :
_bil. ;
_c20 cm.
490 1 _aCuriosidades de la naturaleza
700 1 _aBas, Carlos.
_926225
830 0 _aCuriosidades de la naturaleza
_9187264
852 _aES-MaACL
_jC-8965
_bR.37189
999 _c143009
_d143009